000 00665nam a2200253Ia 4500
001 20141
005 20240114000503.0
007 ta
008 060220s1951 a g b000 u 465 u
040 _aCotton College,Assam
041 _a465
082 _a330
_bSp 44 In
100 _aSpeigel, Henry William .
245 0 _aIntroduction to Economics /
_cHenry William Speigel.
_hTextual Documents
250 _a1st ed. /
260 _aToronto :
_bThe Blakiston Co. ,
_c1951.
300 _ax,605p. :
_bill ;
_c21cm .
504 _aIndex
653 _aEconomics
653 _aG-Economics
942 _2ddc
_cBK
999 _c20123
_d20123